000
00222nam a22000857a 4500
008
160804b xxu||||| |||| 00| 0 eng d
100
_9
24
_a
Carrol L
245
_a
Alice in Wonderland
260
_a
New Delhi
_b
Vikas Publication
_c
1993
999
_c
2674
_d
2674